000 01752cad a22002655a 4500
001 E147107
008 090401s2009 xxk f s000 0 eng d
020 _a9780755975020
035 _a(Sirsi) u147107
041 0 _aeng
050 0 4 _a711.1 $2 18
110 2 _aScotland
_bScottish Government
_95344
245 0 0 _aScottish planning policy (SPP)
_bconsultative draft
_h[electronic resource]
260 _aEdinburgh
_bScottish Government
_c2009
505 2 _aIntroduction -- Community engagement -- Sustainable development -- Subject policies: economic development; town centres and retailing; housing; rural development; coastal planning; fish farming; historic environment; landscape and natural heritage; open space and physical activity; green belts; transport; renewable energy; flooding and drainage; waste management; minerals; opencast coal; telecommunications -- Outcomes -- Annex 1: equalities impact assessment -- Annex 2: list of questions
520 _aThe first part of the consolidated Scottish Planning Policy (SPP) was issued in October 2008 and concerned the core principles, aims and expectations for the planning system. This consultation relates to the last part of the SPP, and deals with community engagement, sustainable development, and policies currently expressed through 17 individual SPPs and NPPGs, together with the outcomes of the planning process.
520 _aDeadline for comments is 24 June 2009.
521 _aAdvanced
590 _aKA
650 _aSCOTTISH PLANNING POLICY
651 4 _aScotland
_y1999-
690 _aPlanning and development
_96259
856 4 0 _uhttps://www.scotland.gov.uk/Publications/2009/04/01104650/0
_zView the consultation free of charge at www.scotland.gov.uk...
942 _n0
999 _c109450
_d109450